000 00410pab a2200145 454500
008 180718b2003 xxu||||| |||| 00| 0 eng d
100 _aMontes, Leonidas
245 _aSmith and Newton: some methodological issues concerning general economic equilibrium theory
260 _c2003
300 _ap.723-47.
362 _aSep
650 _aEconomics
773 _aCambridge Journal of Economics
909 _a58174
999 _c58174
_d58174